000 00199nam a22000977a 4500
003 OSt
008 210118b ||||| |||| 00| 0 eng d
100 _aThikkodian
_94887
245 _aThettu
942 _cBK
999 _c16656
_d16656